000 00409nam a2200145Ia 4500
008 100415s9999 xx 000 0 und d
082 _b8341
_a591.52
100 _aMacfadyen A
245 _aAnimal Ecology : Aims and Methods
260 _aLONDON
_c1957
_bISAAC PITMAN AND SONS
365 _b0
630 _aAnimal Ecology : Aims and Methods
730 _aAnimal Ecology : Aims and Methods
942 _cBOOK
999 _c591284
_d591281